000 00509nam a2200181Ia 4500
008 090123s9999 xx 000 0 und d
082 _b16459
100 _aनंदा गुलशन
245 _aपत्थर के होंठ
250 _a0
260 _bअशोक
300 _a158
600 _aनंदा गुलशन
630 _aपत्थर के होंठ
700 _aनंदा गुलशन
730 _aपत्थर के होंठ
942 _cBOOK
999 _c54524
_d54524